[Event "Rewal op-B 19th"]
[Site "Rewal"]
[Date "2014.08.19"]
[Round "1"]
[White "Zawada, Jozef"]
[Black "Muhtarov, Leonid"]
[Result "0-1"]
[WhiteElo "1764"]
[BlackElo "2098"]
[PlyCount "89"]
[EventDate "2014.08.19"]
[EventType "swiss"]
[EventRounds "9"]
[EventCountry "POL"]
[SourceTitle "EXT 2015"]
[Source "ChessBase"]
[SourceDate "2014.11.20"]
[SourceVersion "1"]
[SourceVersionDate "2014.11.20"]
[SourceQuality "1"]

1. d4 Nf6 2. c4 e6 3. Nc3 Bb4 4. a3 Bxc3+ 5. bxc3 c5 6. Nf3 Nc6 7. Qc2 d6 8. e4 e5 9. h3 0-0 10. Bd3 Re8 11. 0-0 h6 12. Be3 b6 13. d5 Ne7 14. Nh2 Ng6 15. f4 exf4 16. Bxf4 Nxf4 17. Rxf4 Nd7 18. Ng4 Ne5 19. Nxe5 Rxe5 20. Raf1 f6 21. Qf2 Bd7 22. h4 Qe7 23. Kh2 h5 24. g3 Bg4 25. Qc2 Re8 26. R1f2 Qf7 27. Qb1 Qd7 28. Qb3 Rf8 29. Bc2 Ree8 30. Qb1 Qe7 31. Qf1 Qe5 32. Qd3 g5 33. hxg5 fxg5 34. Rxf8+ Rxf8 35. Rxf8+ Kxf8 36. Kg2 h4 37. gxh4 gxh4 38. Qe3 Kg7 39. Bd3 h3+ 40. Kg1 h2+ 41. Kg2 Qh5 42. Kh1 Qe5 43. Kg2 Kg6 44. Kh1 Kh5 45. Kg2 0-1

[Event "Rewal op-B 13th"]
[Site "Rewal"]
[Date "2008.08.26"]
[Round "6"]
[White "Zawada, Jozef"]
[Black "Dubrawska, Greta"]
[Result "1/2-1/2"]
[WhiteElo "1878"]
[BlackElo "1568"]
[PlyCount "51"]
[EventDate "2008.08.19"]
[EventType "swiss"]
[EventRounds "9"]
[EventCountry "POL"]
[SourceTitle "CBM 126 Extra"]
[Source "ChessBase"]
[SourceDate "2008.11.05"]
[SourceVersion "1"]
[SourceVersionDate "2008.11.05"]
[SourceQuality "1"]

1. d4 Nf6 2. c4 d6 3. Nc3 g6 4. e4 Bg7 5. Be2 0-0 6. Bg5 Nbd7 7. Nf3 h6 8. Be3 Kh7 9. h3 e5 10. d5 b6 11. 0-0 a5 12. a3 Nc5 13. Qc2 Bd7 14. b4 axb4 15. axb4 Rxa1 16. Rxa1 Ncxe4 17. Nxe4 Nxe4 18. Qxe4 f5 19. Qc2 f4 20. Bc1 e4 21. Bb2 Bxb2 22. Qxb2 exf3 23. Bxf3 Qe7 24. Qc3 Re8 25. Rc1 Bf5 26. Qd4 1/2-1/2